[Event "ODEM U25B 2011"]
[Site "Oberhof GER"]
[Date "2011.06.14"]
[Round "5"]
[White "Riehle, Fabio"]
[Black "Rose, Luis Stratos"]
[Result "0-1"]
[Termination "normal"]
[Board "33"]
[WhiteElo "808"]
[BlackElo "1024"]
[PlyCount "116"]
[WhiteFideId "36052140"]
[BlackFideId "12976008"]
[EventCountry "GER"]
[EventRounds "9"]
[EventType "swiss"]
[EventDate "2011.06.11"]

1. e4 d5 2. exd5 Nf6 3. c4 e6 4. Nc3 exd5 5. cxd5 Nxd5 6. Nf3 Bg4 7. Qa4+ Bd7
8. Qe4+ Qe7 9. Bd3 Nb4 10. O-O Qxe4 11. Bxe4 N8c6 12. a3 Na6 13. Bxc6 Bxc6 14.
Re1+ Be7 15. Ne5 Nb8 16. Nxc6 Nxc6 17. Nb5 O-O-O 18. Nxa7+ Nxa7 19. Rxe7 Rhe8
20. Re3 Rxe3 21. fxe3 Nc6 22. b4 Re8 23. Bb2 f6 24. b5 Na5 25. Rc1 b6 26. Re1
Nc4 27. Bc1 Kd7 28. d3 Ne5 29. Rd1 Kd6 30. d4 Nc4 31. Kf2 Ra8 32. Rd3 Ra5 33.
Rb3 Kd5 34. Kf3 Nd6 35. Bd2 Rxb5 36. Rxb5+ Nxb5 37. Bb4 Kc4 38. Kf4 Kb3 39. Kf5
Nxa3 40. Bxa3 Kxa3 41. d5 b5 42. Ke6 b4 43. Kd7 b3 44. Kxc7 b2 45. d6 b1=Q 46.
d7 Qc2+ 47. Kd8 Kb4 48. Ke8 Qe4+ 49. Kd8 Kc5 50. Kc8 Qc6+ 51. Kd8 Kd6 52. Ke8
Qxd7+ 53. Kf8 Qe7+ 54. Kg8 g6 55. Kh8 Kd7 56. Kg8 Ke8 57. Kh8 Kf8 58. e4 Qg7#
0-1

[Event "ODEM U25B 2011"]
[Site "Oberhof GER"]
[Date "2011.06.14"]
[Round "5"]
[White "Thumm, Niklas"]
[Black "Lilienthal, Niels Bennett"]
[Result "1-0"]
[Termination "normal"]
[Board "34"]
[WhiteElo "1016"]
[BlackElo "853"]
[PlyCount "91"]
[WhiteFideId "12918733"]
[BlackFideId "16205421"]
[EventCountry "GER"]
[EventRounds "9"]
[EventType "swiss"]
[EventDate "2011.06.11"]

1. e4 e5 2. Nf3 Nc6 3. Nc3 Bb4 4. a3 Bxc3 5. bxc3 Nf6 6. d4 Nxe4 7. dxe5 d6 8.
Qd5 Bf5 9. Bd3 Nxe5 10. Nxe5 dxe5 11. Qxe5+ Kf8 12. Qxf5 Nxc3 13. Qc5+ Qe7+ 14.
Qxe7+ Kxe7 15. O-O Rhe8 16. Bb2 Nd5 17. Bxg7 h5 18. Rfe1+ Kd6 19. Rxe8 Rxe8 20.
c4 Nf4 21. Bc2 Ne2+ 22. Kh1 c5 23. Rd1+ Kc7 24. Ba4 Re6 25. Rd7+ Kb6 26. Rxf7
Nc3 27. Bxc3 a5 28. Rf6 Rxf6 29. Bxf6 Ka6 30. Bb5+ Ka7 31. Bd8 b6 32. f4 h4 33.
g4 h3 34. g5 a4 35. f5 Kb8 36. g6 Kc8 37. Bxb6 Kb7 38. Bxc5 Ka8 39. Bxa4 Kb7
40. f6 Ka8 41. f7 Kb7 42. g7 Ka6 43. f8=Q Kb7 44. g8=Q Ka6 45. Bb5+ Ka5 46.
Qa8# 1-0

[Event "ODEM U25B 2011"]
[Site "Oberhof GER"]
[Date "2011.06.14"]
[Round "5"]
[White "Reyher, Susan"]
[Black "Buchallik, Jakob"]
[Result "0-1"]
[Termination "normal"]
[Board "38"]
[WhiteElo "1320"]
[BlackElo "1451"]
[PlyCount "122"]
[WhiteFideId "24686107"]
[BlackFideId "12945749"]
[EventCountry "GER"]
[EventRounds "9"]
[EventType "swiss"]
[EventDate "2011.06.11"]

1. e4 e5 2. Nf3 Nc6 3. Nc3 Nf6 4. a3 a6 5. g3 Be7 6. Bg2 O-O 7. d3 d5 8. Bd2 d4
9. Ne2 h6 10. O-O Bd6 11. Nh4 Ne7 12. f4 c5 13. f5 Qb6 14. Rb1 c4 15. Kh1 Qc7
16. b4 b5 17. Bh3 Bd7 18. g4 Kh8 19. Rg1 Neg8 20. Ng3 Be7 21. Nf3 c3 22. Bc1 a5
23. g5 Nh7 24. gxh6 gxh6 25. Ne1 Bg5 26. Bxg5 hxg5 27. Qh5 f6 28. Bf1 Be8 29.
Qg4 Qg7 30. bxa5 Rxa5 31. Ra1 b4 32. a4 Rxa4 33. Rxa4 Bxa4 34. Be2 Rb8 35. Bd1
Be8 36. Kg2 Qh6 37. Nf3 Bf7 38. Ne1 b3 39. cxb3 Bxb3 40. Bxb3 Rxb3 41. Nc2 Rb2
42. Rc1 Nf8 43. Qh5 Qxh5 44. Nxh5 Kh7 45. Kf3 Kh6 46. Kg4 Nd7 47. h3 Nc5 48.
Ne1 Rd2 49. h4 gxh4 50. Kxh4 Nxd3 51. Nxd3 Rxd3 52. Ng3 Rd2 53. Nf1 Re2 54. Ng3
Rh2+ 55. Kg4 Kg7 56. Nf1 Rb2 57. Ng3 c2 58. Kf3 d3 59. Ne2 d2 60. Rg1+ Kf8 61.
Nc3 c1=Q 0-1